|
|
|
|
| LEADER |
01082nam a2200265 a 4500 |
| 001 |
4472917 |
| 008 |
091116s1997 enka b 001 0 eng d |
| 010 |
|
|
|a 96043913
|
| 020 |
|
|
|a 0521571391 (hardback)
|
| 020 |
|
|
|a 0521599210(pbk)
|
| 040 |
|
|
|a DLC
|c DLC
|d DLC
|
| 082 |
0 |
0 |
|a 331.13/77
|2 20
|
| 245 |
0 |
0 |
|a Unemployment policy :
|b government options for the labour market /
|c edited by Dennis J. Snower and Guillermo de la Dehesa.
|
| 260 |
|
|
|a Cambridge ;
|a New York, NY :
|b Cambridge University Press,
|c 1997.
|
| 300 |
|
|
|a xxvii, 591 p. :
|b ill. ;
|c 24 cm.
|
| 504 |
|
|
|a Includes bibliographical references and index.
|
| 541 |
1 |
|
|e 00010879
|
| 650 |
|
0 |
|a Manpower policy
|z United States.
|
| 650 |
|
0 |
|a Manpower policy
|z Great Britain.
|
| 650 |
|
0 |
|a Manpower policy
|z Europe.
|
| 700 |
1 |
|
|a Snower, Dennis J.
|
| 700 |
1 |
|
|a Dehesa, Guillermo de la.
|
| 852 |
4 |
|
|a Ayesha Abed Library
|j General Shelf.
|
| 999 |
|
|
|c 5544
|d 5544
|
| 952 |
|
|
|0 0
|1 0
|2 ddc
|4 0
|6 331_137700000000000_UNE
|7 0
|9 5434
|a BRACUL
|b BRACUL
|c GEN
|d 2009-11-16
|g 1235.00
|l 1
|o 331.1377 UNE
|p 3010010879
|r 2022-07-24
|s 2022-07-16
|t 1
|w 2009-11-16
|y BK
|